Normal view MARC view
  • Phillips, Lucie Colvin, Seck, Diery

Entry Personal Name

Number of records used in: 1

001 - CONTROL NUMBER

  • control field: 65184

003 - CONTROL NUMBER IDENTIFIER

  • control field: NUST

005 - DATE AND TIME OF LATEST TRANSACTION

  • control field: 20210628203409.0

008 - FIXED-LENGTH DATA ELEMENTS

  • fixed length control field: 210628|| aca||aabn | a|a d

040 ## - CATALOGING SOURCE

  • Original cataloging agency: NUST
  • Transcribing agency: NUST

100 ## - HEADING--PERSONAL NAME

  • Personal name: Phillips, Lucie Colvin, Seck, Diery

670 ## - SOURCE DATA FOUND

  • Source citation: Work cat.: (NUST): Phillips, Lucie Colvin, Seck, Diery, Fixing african economies, policy research for development, 2004
© 2023 Central Library, National University of Sciences and Technology. All Rights Reserved.